000 00893cam a22002891 4500
001 sa 65008948
003 DLC
005 20260227112159.0
008 850827r19671964ii c 000 0 eng
010 _asa 65008948
025 _aPL480:I-E-3959
035 _a(OCoLC)12429829
040 _aDLC
_cKyU
_dDLC
042 _apremarc
050 0 0 _aKNS3411
_b.S46 1964
100 1 _aSen, Asoke Kumar.
245 1 0 _aJustice for the common man,
_cby A.K. Sen, M.C. Setalvad [and] G.S. Pathak. With an introd. by M. Hidayatullah.
250 _a[1964 ed.]
260 _aLucknow,
_bEastern Book Co.
_c[1964]
300 _av, 92 p.
_bports.
_c19 cm.
440 0 _a[Lajpat Rai memorial lectures]
_v1963
500 _a"1964 ed.; reprint 1967".
650 0 _aJustice.
650 0 _aJustice, Administration of
_zIndia.
700 1 _aSetalvad, Motilal Chimanlal.
700 1 _aPathak, G. S.,
_d1896-
999 _c65965
_d65965